000 01320 a2200277 4500
003 OSt
005 20180116192330.0
008 120516t xxu||||| |||| 00| 0 eng d
010 _a 2008039055
020 _a9780262512930 (pbk. : alk. paper)
040 _c0
082 0 0 _a720.222
100 1 _aKrier, Léon.
_91526
245 1 0 _aDrawing for architecture /
_cLéon Krier ; foreword by James Howard Kunstler.
260 _aCambridge, Mass. :
_bMIT Press,
_cc2009.
300 _axiv, 231 p. :
_bill. ;
_c21 cm.
490 0 _aWriting architecture
505 0 _aForeword -- Author's note -- Construction -- City/anti-city: urbs versus suburbia -- Composition: organic versus mechanic -- Two worlds -- Buildings and urban spaces -- Vernacular and classical -- Tuning buildings and fabric -- Forms and uniforms -- Conservation and maintenance -- Architectural pathologies.
600 1 0 _aKrier, Léon
_91527
650 0 _aArchitecture, Modern
_y20th century
_91528
650 0 _aCity planning
_xHistory
_y20th century
_91529
856 4 1 _3Table of contents only
_uhttp://www.loc.gov/catdir/toc/ecip0828/2008039055.html
942 _aSADA
_cBK
_k720.222 KRI 2009
_2ddc
999 _c352309
_d352309